000 00912nam a22001697a 4500
003 OSt
005 20251124160332.0
008 251121b |||||||| |||| 00| 0 eng d
040 _cDCL
082 _a၂၉၄.၃၈၂၄
130 _aတိပိဋက။
_pသုတ္တန္တပိဋက၊
_nအဘိဓမ္မာဘိဋက၊
_tဝိသုဒ္ဓိမဂ္ဂ၊
_sအဋ္ဌကထာနိဿယ။
245 1 0 _aဝိသုဒ္ဓိမဂ္ဂ အဋ္ဌကထာနိဿယ၊
_nပဥ္စမတွဲ။
264 _aရန်ကုန်၊
_bနိုင်ငံတော်ဗုဒ္ဓသာသနာအဖွဲ့၊
_c၁၉၆၈။
300 _aဟ၊ ၅၈၁ စာမျက်နှာ ၊
_c၂၆ စင်တီ။
650 _aဝိသုဒ္ဓိမဂ်
_vအဋ္ဌကထာနိဿယ။
942 _2ddc
_cSHORT TERM
_n0
999 _c2565
_d2565